[Event "28th WSCC Open 50 2018"]
[Site "Bled"]
[Date "2018.11.27"]
[Round "9"]
[White "Haessel, Dale R."]
[Black "Grant, Jonathan I M"]
[Result "1/2-1/2"]
[WhiteElo "2155"]
[BlackElo "2192"]
[Annotator "TA"]
[PlyCount "111"]
[EventDate "2018.11.17"]
[EventType "swiss"]
[EventCountry "SLO"]
[SourceTitle "playchess.com"]
[Source "ChessBase"]
[SourceQuality "1"]

{[%evp 12,111,25,25,52,49,49,8,37,29,31,47,63,15,22,-1,-10,0,-2,-5,31,39,68,66,59,55,44,23,28,0,6,-47,-17,-13,0,0,0,0,0,0,11,-93,0,-19,30,-13,47,34,41,0,108,63,142,5,5,-191,0,0,0,0,121,0,105,95,83,0,0,-45,-7,-74,-29,-125,-70,-168,-59,-62,206,161,164,158,162,9,40,0,0,0,183,174,176,0,0,-22,-24,-34,-22,-72,-75,-87,-82,-98,-98,-98]} 1. d4 Nf6 2. c4 e6 3. Nf3 Bb4+ 4. Nbd2 O-O 5. a3 Be7 6. e4 d6 {E11: Bogo-Indian} (6... d5 7. e5 Nfd7 8. Bd3 c5 9. h4 g6 10. O-O Nc6 11. Nb3 dxc4 12. Bxc4 cxd4 13. Re1 a5 14. Bh6 Re8 15. Rc1 Nb6 {1-0 (39) Ding,L (2804)-Saric,I (2689) Batumi 2018}) 7. Be2 {LiveBook: 179 Games} Nc6 8. b4 {[%cal Bb2b4,Bb4b5][%mdl 32]} e5 $146 {White is slightly better.} ({Predecessor:} 8... Nd7 9. O-O Bf6 10. Nb3 a5 11. b5 Ne7 12. Be3 e5 13. d5 b6 14. Ne1 {1-0 (51) Marzano,C (2269)-Nuristani,I (2104) Moscow 2018}) 9. dxe5 dxe5 10. Bb2 a5 11. b5 Nd4 12. Nxd4 exd4 13. Qc2 c5 14. bxc6 bxc6 15. e5 Nd7 16. Bxd4 Bc5 17. Bc3 Qe7 18. Nf3 Bxa3 19. Qa4 Bc5 20. Qxc6 Ra6 21. Qb5 ({Better is} 21. Qd5 $11) 21... Rb6 {[%mdl 1024] Black has compensation.} 22. Qa4 Bb7 {And now ...Bxf3 would win.} 23. O-O {[%cal Bh1f1,Bf1d1,Bd1d2][%mdl 32]} ({Not} 23. Qxa5 $2 Bxf3 24. gxf3 Rb3 $19) 23... Rg6 {Threatens to win with ...Qe6.} 24. Rfd1 (24. Qxa5 Qe6 $19) 24... Bc6 25. Qc2 a4 26. g3 (26. Rxa4 $11 Rxg2+ 27. Kxg2) 26... Rh6 (26... f5 $1 $17 27. Kf1 f4) 27. Qf5 Rg6 28. Rd2 Re8 (28... Re6 $11) 29. Rad1 $14 {[%cal Rd2d7]} Nb6 30. Nd4 Bd7 (30... Ba8 $1 $11) 31. Qf3 Qxe5 {[#]} (31... h5 $14) 32. Nb5 (32. Nb3 $1 $16 {[%mdl 512]} Bc6 (32... axb3 33. Bxe5) 33. Bxe5 Bxf3 34. Nxc5 Bxe2 35. Rxe2) 32... Qe7 $1 $11 {aiming for ...Bg4.} 33. Bd3 $2 (33. Nc7 $11 Bg4 34. Qxg4 Qxc7 35. Qh4) 33... Bc6 $2 (33... Bg4 $1 $19 {[%cal Rg4f3]} 34. Qf4 Bxd1 35. Rxd1 Rd8) 34. Qh5 Rh6 $1 {[%cal Rh6h5]} 35. Qg4 {[%csl Gc3][%cal Rg4g7]} Qf8 (35... f5 $11 36. Qf4 Re6) 36. Nd4 ({White has to play} 36. Nc7 $1 $16 {[%cal Rc7e8]} Bd7 37. Bxh7+ $1 {[%mdl 512]} Kxh7 38. Rxd7) 36... Bd7 (36... a3 $11) 37. Nf5 $1 $16 {[%cal Rf5h6]} Rg6 38. Qh4 (38. Qh5 $1 $16 {Strongly threatening Bxg7.} Bxf5 39. Qxf5) 38... a3 $1 $11 39. Qf4 Bc6 40. h4 (40. Rb1 $11 {remains equal.}) 40... h6 (40... Na4 $5 {[%cal Ra4c3]} 41. Bd4 Bxd4 42. Nxd4 Rf6 $17) 41. Kf1 {[#]} (41. Kh2 $11 {keeps the balance.}) 41... Na4 $1 $17 {[%cal Ra4c3]} 42. Be5 ({White should play} 42. Bxg7 $1 $15 Rxg7 43. Nxh6+ Kh8 44. Qf5) 42... h5 (42... Bb4 $19 43. Re2 {[#]} Rxe5 $1 {[%mdl 576] Deflection} 44. Qxe5 Bf3 {[%mdl 64] Skewer}) 43. Be2 $1 $15 f6 $2 {[%mdl 8192]} (43... Bb4 $15 {stays ahead.} 44. Rc2 Nb2) 44. Bd6 Bxd6 45. Qxd6 Qxd6 46. Rxd6 $2 (46. Nxd6 $18 Rxe2 47. Rxe2) 46... Be4 $11 47. Ne3 Nc3 $36 {[%mdl 2048] Black has good play.} 48. Ra1 Nxe2 $2 (48... a2 $11 {and Black is okay.} 49. c5 (49. Bxh5 $2 Rb8 $17) 49... Nxe2 50. Kxe2 Bb1) 49. Kxe2 $18 Ra8 50. Rb6 $2 ({White should try} 50. Re6 $18 Bb7 51. Rb6) 50... a2 $11 51. Nd1 Ra3 52. Ne3 Rh6 53. Rd6 Kf7 {Black is better.} 54. Rd2 Bb1 55. Rb2 Rh8 56. Rbxb1 {Accuracy: White = 33%, Black = 33%.} 1/2-1/2

[Event "28th WSCC Open 50 2018"]
[Site "Bled"]
[Date "2018.11.28"]
[Round "10"]
[White "Danielsen, Henrik"]
[Black "Koehler, Gerhard"]
[Result "1-0"]
[WhiteElo "2504"]
[BlackElo "2197"]
[Annotator "TA"]
[PlyCount "89"]
[EventDate "2018.11.17"]
[EventType "swiss"]
[EventCountry "SLO"]
[SourceTitle "playchess.com"]
[Source "ChessBase"]
[SourceQuality "1"]

{[%evp 17,89,-18,-15,-22,0,-40,-2,-3,-6,-10,-8,-13,0,0,0,0,0,-1,0,0,0,0,0,0,0,0,0,0,66,62,65,58,66,66,84,78,80,68,119,108,106,100,125,127,129,118,213,212,216,166,249,252,238,250,495,254,422,296,373,383,379,379,379,372,368,355,389,385,558,560,508,516,509,499]} 1. e4 e6 2. d3 d5 3. Nd2 c5 4. g3 Nc6 5. Bg2 Nf6 6. Ngf3 Be7 7. O-O O-O 8. Re1 Re8 9. e5 {C00: French: Unusual White 2nd moves} (9. a4 Qc7 10. c3 dxe4 11. dxe4 e5 12. Nc4 Be6 13. Qe2 h6 14. Nfd2 Rad8 15. Qf1 Qc8 16. f4 exf4 17. gxf4 {0-1 (32) Seeman,T (2431)-Kovalenko,I (2637) Vilnius 2014}) 9... Nd7 $1 {LiveBook: 24 Games} 10. c4 Nb4 $146 ({Predecessor:} 10... Nb6 11. b3 a5 12. a4 Nb4 13. Nb1 Bd7 14. Qe2 Bc6 15. Rd1 Nd7 16. Nc3 Qc7 17. Nb5 Qb8 18. Re1 b6 19. h4 {½-½ (19) Johannessen,S (2303)-Kaminik,A (2224) Halle 2004}) 11. Bf1 {The position is equal.} dxc4 12. dxc4 Qc7 13. b3 b6 14. Bb2 f5 15. exf6 Bxf6 16. Qb1 Bb7 17. Ne4 Bxb2 18. Qxb2 Rad8 19. Re3 Nc6 20. Rae1 e5 21. Bg2 Nd4 22. Nc3 Nxf3+ (22... Nf6 $11) 23. Bxf3 $14 Bxf3 24. Rxf3 Nf6 25. Rfe3 a6 26. Qe2 Qc6 27. h3 (27. Rxe5 $2 Rxe5 28. Qxe5 Re8 $19) 27... Kf8 ({Black should try} 27... h6 $14) 28. g4 $16 (28. Rxe5 $2 Rxe5 29. Qxe5 Re8 $19) 28... h6 29. Qc2 ({But not} 29. Rxe5 $2 Rxe5 30. Qxe5 Re8 $19) 29... Rd4 30. Rxe5 Rxe5 31. Rxe5 Qf3 (31... Qd7 $16) 32. Re3 $18 Qc6 33. Qg6 Qd7 (33... Rd6 $142 34. Qf5 Qd7) 34. Rf3 Qf7 35. Qf5 Rd6 $2 {[#]} (35... Qe8 {was called for.} 36. Qh7 Qe6 37. Qh8+ Kf7) 36. Nd5 (36. h4 $142) 36... Qe8 $2 (36... Kg8 {keeps fighting.} 37. Qc8+ Kh7 38. Qxa6 Qg6 39. Nxf6+ (39. Nxb6 Rd1+ 40. Kg2 Qb1 $17) 39... Rxf6 40. Rxf6 Qxf6) 37. Qh7 Qf7 38. Nxf6 Rxf6 {[%mdl 4096] Endgame KQR-KQR} 39. Qh8+ Ke7 40. Re3+ Re6 41. Rxe6+ ({Less strong is} 41. Rd3 Rd6 $18) 41... Kxe6 42. Qb8 Qf3 (42... Qe7 {was worth a try.} 43. Qxb6+ Ke5 44. Qxa6 Kd4) 43. Qxb6+ {White is clearly winning.} Kf7 44. Qxc5 Qxh3 45. Qc7+ {Accuracy: White = 71%, Black = 36%.} 1-0

[Event "28th WSCC Open 50 2018"]
[Site "Bled"]
[Date "2018.11.28"]
[Round "10"]
[White "Prie, Eric"]
[Black "Plotkin, Victor"]
[Result "1/2-1/2"]
[WhiteElo "2482"]
[BlackElo "2307"]
[Annotator "TA"]
[PlyCount "194"]
[EventDate "2018.11.17"]
[EventType "swiss"]
[EventCountry "SLO"]
[SourceTitle "playchess.com"]
[Source "ChessBase"]
[SourceQuality "1"]

{[%evp 15,194,7,14,20,42,37,38,37,52,45,50,41,41,40,62,50,51,50,78,71,71,60,83,72,74,84,96,96,100,72,185,175,175,74,66,66,69,42,76,14,61,33,39,41,56,59,58,58,123,131,152,133,159,141,158,155,161,141,231,184,189,177,198,120,163,129,138,0,159,163,135,110,112,81,81,83,81,33,25,0,81,0,89,87,198,95,106,101,101,102,110,109,109,84,196,196,204,210,218,229,194,201,248,248,220,226,226,221,262,187,262,262,262,262,259,252,237,237,348,338,299,292,285,277,593,593,497,277,277,182,156,115,703,678,663,637,1631,1629,1635,1600,1606,1585,1358,1179,1622,1591,1567,1533,1459,1111,1462,1379,1364,1118,1356,1342,1266,1234,1150,1111,1111,1080,1183,1126,1081,1014,1008,960,946,927,1723,851,945,933,708,379,489,395,393,0,1666]} 1. d4 Nf6 2. Nf3 e6 3. Bf4 b6 4. e3 Bb7 5. Bd3 Be7 6. h3 O-O 7. O-O d6 8. Nbd2 Nbd7 9. c3 {A47: 1 d4 Nf6 2 Nf3 b6: Torre, London and Colle Systems} Re8 10. e4 e5 11. Bh2 {White is slightly better.} Bf8 12. Re1 g6 13. a4 a5 $146 14. Qc2 Bg7 15. Rab1 Nh5 16. Bb5 c6 17. Bf1 Qc7 18. Red1 Rad8 19. b4 axb4 20. dxe5 dxe5 21. cxb4 Nf8 22. Nc4 {Threatens to win with Rxd8.} f6 (22... Nf4 $16) 23. a5 $18 b5 24. Nb2 (24. Rxd8 $18 Rxd8 25. Nb6) 24... Ne6 $16 25. Nd3 Bf8 26. Rdc1 Qf7 27. Rb3 (27. Bxe5 $16 fxe5 28. Ndxe5) 27... g5 28. Rc3 Nhf4 29. Bxf4 gxf4 30. Qb3 Nd4 31. Nxd4 exd4 (31... Rxd4 $14 32. Qa3 Ra8) 32. Qxf7+ Kxf7 33. R3c2 $1 Rxe4 34. Be2 $1 Bd6 35. Bf3 f5 36. Kf1 Kf6 (36... Ba8 $16 37. a6 Kf6 38. Bxe4 fxe4) 37. Re2 Rxe2 38. Kxe2 Rc8 39. Kd2 (39. Nc5 $18 Re8+ 40. Kd3 Bxc5 41. Rxc5) 39... Ba8 40. Re1 {[%mdl 1024] White has strong compensation.} Be7 41. Rc1 Bd6 $1 42. Rc2 Ke7 43. Kc1 Kd7 44. Kb2 Re8 45. Kb3 Kc7 46. Rd2 Bb7 47. Rc2 (47. Nc5 $11) 47... Ba8 $1 48. Kb2 (48. Ka2 $16) 48... Bb7 (48... Kd7 $1 $11 {remains equal.}) 49. Kc1 Kd7 (49... Bf8 $16 {keeps fighting.}) 50. Kd2 (50. Nc5+ $1 $18 {is more deadly.} Bxc5 51. Rxc5) 50... Kc7 51. Rc1 Ba8 52. Nc5 Re7 53. Kd3 Be5 54. Re1 Bb7 (54... Bf6 $16 55. Re6 Rxe6 56. Nxe6+ Kd7 57. Nxd4 Bh4) 55. Nxb7 $18 Kxb7 {[%mdl 4096] Endgame [#] KRB-KRB} 56. Rc1 $1 {[%cal Rc1c6]} Re6 57. Rc5 Kc7 {[#]} 58. Bxc6 $1 {[%mdl 576] Deflection} Rxc6 59. Rxe5 {KR-KR} Rc3+ 60. Kxd4 Rc4+ 61. Kd5 Rxb4 62. Rxf5 {And now Kc5 would win.} Ra4 (62... Kb7 {was worth a try.} 63. Kc5 Rb2 64. Rxf4 Ka6) 63. Rf7+ Kd8 64. Kc5 ({Resist} 64. Rxh7 $6 Rxa5 65. Ke4 Ra2 $18) 64... Rxa5 65. Rxf4 Ke7 66. Rf3 h5 (66... Ke6 $142 67. Kb6 Ra2 68. Kxb5 h6) 67. Kb4 Ra1 68. Kxb5 Rg1 69. g3 {[%cal Bg2g3,Bg3g4][%mdl 32]} h4 $2 (69... Rc1 {is a better chance.} 70. Rf5 h4) 70. g4 Rc1 71. Kb4 (71. Re3+ $142 Kf6 72. f4) 71... Ke6 72. Kb3 Ke5 73. Rf5+ Ke4 $2 {[%mdl 8192]} (73... Kd4 $16) 74. Rh5 Rf1 75. Rxh4 Rxf2 76. Rh5 Rd2 77. Kc3 Rd8 78. h4 Rd3+ 79. Kc4 {Re5+! is the strong threat.} Rd1 80. Kc5 Kf4 {[#]} 81. g5 $1 Ke5 82. Kc6 Ke6 83. Rh7 Rc1+ 84. Kb6 Kf5 85. Rh6 Rc2 86. Rc6 Rh2 87. Rc4 Kg6 88. Kc6 Kh5 89. Kd5 Re2 90. Re4 Ra2 91. Ke6 Kg6 92. Ke5 Rf2 93. Rf4 (93. Ra4 $142 Kh5 94. Ra8) 93... Re2+ 94. Kd4 Kh5 95. Re4 Ra2 96. Ke5 Ra5+ 97. Kf6 $2 (97. Kd6 $18) 97... Rb5 $2 {[%mdl 40960] Accuracy: White = 51%, Black = 47%. . An unexpected result.} (97... Rxg5 $11 98. Re1 Ra5) 1/2-1/2

[Event "28th WSCC Open 50 2018"]
[Site "Bled"]
[Date "2018.11.28"]
[Round "10"]
[White "Arkell, Keith C"]
[Black "Van der Werf, Mark"]
[Result "0-1"]
[WhiteElo "2443"]
[BlackElo "2402"]
[Annotator "TA"]
[PlyCount "98"]
[EventDate "2018.11.17"]
[EventType "swiss"]
[EventCountry "SLO"]
[SourceTitle "playchess.com"]
[Source "ChessBase"]
[SourceQuality "1"]

{[%evp 9,98,17,20,16,8,-8,-7,-4,-7,-9,0,-19,8,8,0,0,4,-28,4,0,3,-20,0,0,23,22,43,45,41,0,0,7,0,-15,0,0,0,0,2,4,3,0,0,-53,79,76,86,73,73,73,77,87,85,-98,-102,-121,-104,-168,0,0,0,0,0,0,0,-41,-31,-337,-341,-426,-409,-467,-479,-487,-476,-789,-439,-459,-434,-504,-497,-699,-1723,-1638,-1437,-2169,-1638,-1721,-1462,-1425,-772]} 1. Nf3 Nf6 2. d4 e6 3. c3 c5 4. Bg5 Qb6 5. Qc2 d5 (5... Nc6 6. e3 Be7 7. Nbd2 d5 8. Be2 Bd7 9. Rd1 Rc8 10. Qb1 O-O 11. Ne5 Be8 12. O-O Nd7 13. Bf4 Ncxe5 14. dxe5 {½-½ (28) Speelman,J (2578)-Vuckovic,B (2511) Catalan Bay 2004}) 6. Bxf6 {A46: 1 d4 Nf6 2 Nf3 e6: Torre, London and Colle Systems} gxf6 7. Nbd2 cxd4 8. Nxd4 {The position is equal.} Nc6 9. e3 Bd7 10. Bd3 Rc8 $146 ({Predecessor:} 10... Ne5 11. Be2 O-O-O 12. a4 Kb8 13. a5 Qd6 {0-1 (25) Dubrovskaya,E (2015)-Kondrin,A (2256) Cheliabinsk 2008}) 11. Nxc6 bxc6 12. O-O f5 13. Kh1 Rg8 14. Rae1 Bd6 15. f3 Qd8 16. f4 Ke7 17. Nf3 Rg6 18. c4 Qb6 19. Ne5 Bxe5 20. fxe5 dxc4 21. Qxc4 Qxb2 {[%csl Gg6][%cal Rb2g2]} 22. Qc5+ $1 Ke8 {[%csl Gg6][%cal Rb2g2]} 23. Re2 Qb6 $132 {[%mdl 2048] Black is fighting back} 24. Qc3 c5 25. Rb1 Qc7 26. Ba6 ({Better is} 26. e4 $1 $11) 26... Rb8 (26... Rd8 $1 $15 27. Kg1 Bc8 28. Bxc8 Rxc8) 27. Rxb8+ $1 $16 Qxb8 28. Rb2 Qc7 29. Rb7 $1 {[%cal Rb7c7][%mdl 1024] White has strong compensation.} Qc6 {[%csl Gg6][%cal Rc6g2]} 30. Rb8+ $1 Ke7 {[%csl Gg6][%cal Rc6g2] [#]} 31. Bf1 $2 (31. e4 $1 $16 {[%mdl 512] stays on course. Strongly threatening Qa5.} Qc7 (31... Qxe4 32. Qxc5#) 32. Rb7) 31... Qc7 $17 32. Rh8 Rg4 33. Bd3 {[#]} (33. Kg1 $17 {might work better.}) 33... Qb6 $2 ({Black should play} 33... Ra4 $1 $19 {Hoping for ...Qa5.} 34. h3 Qa5) 34. h3 $11 Qb4 35. Qc1 Rg3 {aiming for ...f4!} 36. a3 Qa5 $1 {...f4! is the strong threat.} 37. Bf1 {Threatens to win with Qc4.} Qc7 38. Qc3 $2 {[%mdl 8192] [#]} (38. Ra8 $15) 38... f4 $1 $19 {[%mdl 512]} 39. Qc2 (39. exf4 Rxc3) 39... Qxe5 {[%mdl 64] Double Attack} 40. Ra8 Rxe3 {Black is clearly winning.} 41. Rxa7 Re1 42. Qf2 (42. Qd3 $142 Qd6 43. Kh2) 42... f6 43. Kh2 Rb1 44. Qf3 {[#] Black must now prevent Rxd7+!} c4 $1 {[%cal Bc5c4,Bc4c3][%mdl 32]} 45. Rb7 (45. a4 $142 Ra1 46. Bxc4) (45. Bxc4 Qd4) 45... Rxb7 46. Qxb7 c3 47. Qb4+ Ke8 48. Qc4 f3+ 49. Kh1 Qe1 {Accuracy: White = 48%, Black = 48%.} 0-1

[Event "28th WSCC Open 50 2018"]
[Site "Bled"]
[Date "2018.11.28"]
[Round "10"]
[White "Bagaturov, Giorgi"]
[Black "Bischoff, Klaus"]
[Result "1/2-1/2"]
[WhiteElo "2417"]
[BlackElo "2507"]
[Annotator "TA"]
[PlyCount "68"]
[EventDate "2018.11.17"]
[EventType "swiss"]
[EventCountry "SLO"]
[SourceTitle "playchess.com"]
[Source "ChessBase"]
[SourceQuality "1"]

{[%evp 21,68,-11,-3,-15,-22,-12,0,-48,0,-12,0,-30,-17,-30,7,-22,0,-58,-35,-35,-31,-35,-64,-22,-31,-28,-41,-45,-42,-35,-45,-45,-18,-39,0,0,0,-19,-14,-19,0,-29,0,0,0,0,12,6,23]} 1. d4 Nf6 2. c4 e6 3. Nf3 b6 4. g3 Bb4+ 5. Nbd2 Bb7 6. Bg2 O-O 7. O-O Be7 8. Qc2 d5 9. cxd5 exd5 10. Ne5 c5 11. Ndf3 {E16: Queen's Indian: 4 g3 Bb7 5 Bg2 Bb4+} (11. dxc5 bxc5 12. Rd1 Qc8 13. Nb3 a5 14. Be3 Na6 15. Rac1 d4 16. Bxb7 Qxb7 17. Bg5 Nb4 18. Qb1 a4 19. Nd2 Qd5 {½-½ (150) Nakamura,H (2787)-Harikrishna,P (2763) chess.com INT 2016}) 11... Na6 {LiveBook: 6 Games} 12. dxc5 bxc5 13. Bf4 $146 ({Predecessor:} 13. Rd1 Qb6 14. b3 Rad8 15. Bb2 Nb4 16. Qf5 Bc8 17. Qf4 Ne4 18. Qc1 Be6 {½-½ (29) Horvath,J (2515)-Farago,I (2475) Hungary 1998}) 13... Qb6 14. Ng5 {[#] Strongly threatening Nd7!} g6 15. Rad1 Rad8 16. Ngf3 Ne4 {[%cal Bf6e4,Be4g5,Bg5e6][%mdl 32]} 17. Nd2 Ng5 18. Qb3 (18. Qa4 {keeps more tension.} Nb8 19. h4 Ne6 20. Bh6 Rfe8 21. e4) 18... Ba8 19. Nb1 ({Better is} 19. Qxb6 $11 axb6 20. e4) 19... Qxb3 20. axb3 Ne6 21. Bh6 Rfe8 22. Nc3 {[%cal Rg2d5]} Nb4 23. Nd3 d4 24. Nxb4 Bxg2 25. Kxg2 {[#] Nc6 is the strong threat.} cxb4 26. Ne4 f5 27. Nd2 g5 28. Ra1 Kf7 {White must now prevent ...Kg6.} 29. h4 ({Much worse is} 29. Rxa7 Kg6 $17) 29... gxh4 30. Nf3 Bf6 31. Rxa7+ Re7 32. Ra5 {The position is equal.} hxg3 33. fxg3 Kg6 34. Bd2 d3 {Accuracy: White = 37%, Black = 28%.} 1/2-1/2

[Event "28th WSCC Open 50 2018"]
[Site "Bled"]
[Date "2018.11.28"]
[Round "10"]
[White "Kalegin, Evgenij"]
[Black "Movsziszian, Karen"]
[Result "1/2-1/2"]
[WhiteElo "2413"]
[BlackElo "2513"]
[Annotator "TA"]
[PlyCount "65"]
[EventDate "2018.11.17"]
[EventType "swiss"]
[EventCountry "SLO"]
[SourceTitle "playchess.com"]
[Source "ChessBase"]
[SourceQuality "1"]

{[%evp 15,65,46,54,42,74,71,59,16,30,6,15,17,20,29,33,19,17,34,27,35,79,83,87,85,90,60,47,22,31,0,0,0,29,32,27,43,40,0,35,46,48,49,59,62,51,24,9,0,0,0,0,0]} 1. e4 d6 2. d4 Nf6 3. Nc3 g6 4. Nf3 Bg7 5. Be3 c6 6. Qd2 b5 7. Bd3 Nbd7 8. Bh6 O-O 9. a4 {B08: Pirc Defence: Classical System} (9. O-O-O b4 10. Ne2 Qa5 11. Kb1 e5 12. Ng3 exd4 13. Nxd4 Ne5 14. h4 Nxd3 15. cxd3 c5 16. Ndf5 Be6 17. b3 Ne8 18. Nxg7 Nxg7 19. h5 c4 20. hxg6 hxg6 21. dxc4 Rfc8 22. Qxd6 Ne8 23. Qf8+ {1-0 (23) Lagno,K (2547)-Tan,Z (2517) Riadh 2017}) 9... b4 {[#] aiming for ...Bxh6.} 10. Ne2 a5 11. e5 {White is slightly better.} dxe5 $1 12. dxe5 Ng4 13. Bxg7 Kxg7 14. Qf4 $36 {[%mdl 2048] White is pushing.} Nc5 {White must now prevent ...Qxd3!} 15. h3 Nxd3+ 16. cxd3 Nh6 17. Rd1 $146 ({Predecessor:} 17. d4 Ba6 18. Ng3 Qd5 19. h4 f6 20. Rc1 Qa2 21. Qd2 Bc4 22. h5 g5 23. Qc2 Bd5 {½-½ (23) Greiner,T (2320)-Clark,S (2000) ICCF email 2007}) 17... f6 18. O-O Qd5 19. Rfe1 Nf7 {[%cal Rf7e5]} 20. exf6+ exf6 21. Qd4 Rd8 22. Qxd5 Rxd5 23. Nf4 Rf5 (23... Rd6 {is more complex.} 24. Re3 g5 25. Ne2 Rd5 26. Ned4 Bd7) 24. Ne6+ Bxe6 $1 25. Rxe6 c5 26. Rc1 Rd5 27. Re7 g5 28. Rc7 Rxd3 29. R1xc5 h5 30. Kh2 Kg6 31. Rb7 {The position is equal.} h4 32. Rb6 {Strongly threatening Rcc6.} Rd6 33. Rbb5 {Accuracy: White = 52%, Black = 67%.} 1/2-1/2

[Event "28th WSCC Open 50 2018"]
[Site "Bled"]
[Date "2018.11.28"]
[Round "10"]
[White "Porper, Edward"]
[Black "Soffer, Ram"]
[Result "0-1"]
[WhiteElo "2377"]
[BlackElo "2472"]
[Annotator "TA"]
[PlyCount "86"]
[EventDate "2018.11.17"]
[EventType "swiss"]
[EventCountry "SLO"]
[SourceTitle "playchess.com"]
[Source "ChessBase"]
[SourceQuality "1"]

{[%evp 29,86,0,0,0,0,0,0,0,0,-46,-45,-44,-43,-50,-45,-95,-29,-27,-22,-22,-15,-53,-53,-125,-125,-132,-113,-123,-95,-293,-284,-271,-271,-271,-271,-276,-276,-365,-214,-249,-292,-520,-540,-5202,-5398,-5373,-5181,-2441,-2084,-29985,-29986,-29986,-29987,-29987,-29988,-29988,-29989,-29989,-29990]} 1. d4 Nf6 2. c4 e6 3. Nf3 d5 4. Nc3 dxc4 5. e3 a6 6. a4 c5 7. Bxc4 Nc6 8. O-O Qc7 9. Qe2 Bd6 10. Rd1 O-O 11. h3 b6 12. d5 exd5 13. Nxd5 Nxd5 14. Bxd5 Bb7 {[%cal Bc8b7,Bb7d5,Bd5e6][%mdl 32]} 15. b3 {D27: Queen's Gambit Accepted: Classical main line: 7 e4!? and 7 a4} Rad8 {LiveBook: 5 Games} 16. Bb2 Nd4 17. Nxd4 {The position is equal.} Bxd5 18. Nf5 {[#]} Be5 $146 (18... Bxb3 19. Bxg7 Bh2+ 20. Kh1 $18) ({Predecessor:} 18... Bh2+ 19. Kh1 Be5 20. e4 Bxb3 21. Rd6 Rxd6 22. Bxe5 Rd1+ 23. Rxd1 Qxe5 24. Rd6 Bxa4 25. f4 Qxf4 26. Qb2 f6 27. Qa2+ Kh8 28. Qf7 Qf1+ {½-½ (28) Lobron,E (2530)-Huebner,R (2610) Biel 1987}) 19. f4 (19. a5 {feels hotter.} b5 20. Rac1 f6 21. Bxe5 fxe5 22. Qg4) 19... Bxb2 20. Qxb2 {[%csl Gf5][%cal Rb2g7] [#]} f6 21. Qc3 Be6 22. Ng3 Rxd1+ (22... a5 $17) 23. Rxd1 $11 Rd8 24. Rxd8+ Qxd8 25. a5 bxa5 26. Qxc5 (26. Ne4 $1 $15) 26... Bxb3 $17 27. Nf5 a4 28. Qa7 {[%csl Gf5][%cal Ra7g7]} Qf8 29. Qxa6 $2 (29. Ne7+ $17 Kh8 30. Qc5) 29... a3 $19 30. Nd4 {[#]} Bd5 $1 31. Nb5 a2 32. Nc3 Qc5 $1 {[%csl LRc3,LRe3][%mdl 64] Double Attack} 33. Nxd5 Qxd5 {[%mdl 4096] Endgame KQ-KQ} ({Wrong is} 33... Qc1+ $2 34. Kh2 $18) 34. Kh2 Kf7 {White must now prevent ...Qb3.} 35. e4 $2 (35. Qa4 h6 36. Kg1) 35... Qd2 36. Qa7+ Kg6 37. f5+ Kh5 38. Qa3 Qe2 39. Kg3 Qe1+ {Black mates.} 40. Kh2 a1=Q 41. Qf3+ Kh6 42. Qf4+ g5 43. fxg6+ Kg7 {Accuracy: White = 45%, Black = 79%.} 0-1